UM Logo

Research - based strategies for improving outcomes in behavior/ (Record no. 270)

MARC details
000 -LEADER
fixed length control field 00681nam a22001817a 4500
008 - FIXED-LENGTH DATA ELEMENTS--GENERAL INFORMATION
fixed length control field 151121b xxu||||| |||| 00| 0 eng d
020 ## - INTERNATIONAL STANDARD BOOK NUMBER
International Standard Book Number 9780137028788
082 ## - DEWEY DECIMAL CLASSIFICATION NUMBER
Classification number DC 371.1024
Item number R432
245 ## - TITLE STATEMENT
Title Research - based strategies for improving outcomes in behavior/
Statement of responsibility, etc. Kathleen Lynne Lane, Bryan G. Cook, and Melody Tankersley
260 ## - PUBLICATION, DISTRIBUTION, ETC. (IMPRINT)
Place of publication, distribution, etc. Boston:
Name of publisher, distributor, etc. Pearson Education, Inc.,
Date of publication, distribution, etc. c2013.
300 ## - PHYSICAL DESCRIPTION
Extent viii, 136 pages;
Other physical details illustrations;
Dimensions 27.5 cm.
500 ## - GENERAL NOTE
General note Includes bibliographical references and index.
650 #0 - SUBJECT ADDED ENTRY--TOPICAL TERM
9 (RLIN) 589
Topical term or geographic name as entry element School discipline
650 #0 - SUBJECT ADDED ENTRY--TOPICAL TERM
9 (RLIN) 592
Topical term or geographic name as entry element School violence
650 #0 - SUBJECT ADDED ENTRY--TOPICAL TERM
9 (RLIN) 591
Topical term or geographic name as entry element Problem children
General subdivision Behavior modification
365 ## - TRADE PRICE
Price amount 4, 017.00
Currency code Php
942 ## - ADDED ENTRY ELEMENTS (KOHA)
Source of classification or shelving scheme Dewey Decimal Classification
Koha item type Books
Holdings
Withdrawn status Lost status Source of classification or shelving scheme Damaged status Not for loan Collection code Home library Current library Date acquired Source of acquisition Total Checkouts Full call number Barcode Date last seen Copy number Price effective from Koha item type
    Dewey Decimal Classification     Circulation UM Digos College - LIC UM Digos College - LIC 08/28/2015 Purchased   DC 371.1024 R432 2013 23712 05/15/2025 1 11/21/2015 Circulation